000 00893pam a22002414a 4500
001 14340339
005 20250209140519.0
008 060413s2006 paua b 001 0 eng
020 _a9780781750035
050 0 0 _aRD31
_b.E747 2006
082 0 0 _a617
_222
245 0 0 _aEssentials of general surgery /
_csenior editor, Peter F. Lawrence ; editors, Richard M. Bell, Merril T. Dayton.
250 _a4th ed.
260 _aPhiladelphia :
_bLippincott Williams & Wilkins,
_cc2006.
300 _axiv, 613 p. :
_bill. ;
_c28 cm.
650 0 _aSurgery
_vTextbooks.
700 1 _aLawrence, Peter F.
700 1 _aBell, Richard M.
700 1 _aDayton, Merril T.
856 4 2 _3Publisher description
_uhttp://www.loc.gov/catdir/enhancements/fy0712/2006271482-d.html
856 4 1 _3Table of contents only
_uhttp://www.loc.gov/catdir/enhancements/fy0811/2006271482-t.html
942 _2lcc
_cBK
_e4th ed.
_n0
999 _c3748
_d3748